000 00523nam a2200181 i 4500
001 128141
003 ES-MaACL
005 20230906193156.0
007 t|
008 070622s1962 sp ||||1| spa d
080 _a333.5.01(46)
100 1 _aMartín Sanz, Dionisio.
_977655
245 1 0 _aNueva reforma agraria /
_cpor Dionisio Martín Sanz.
260 _a[Madrid :
_bs.n.,
_c1962] (
_fTip. Ferrera)
300 _a71 p. ;
_c18 cm.
650 1 4 _aReforma agraria-
_zEspaña-
_yS.XX.
_9171662
852 _aES-MaACL
_jC-21759
999 _c128141
_d128141